| 000 | 01308cas a2200325 i 4500 | ||
|---|---|---|---|
| 001 | 000037084 | ||
| 003 | DO-SdBNP | ||
| 005 | 20250722113321.0 | ||
| 007 | ta | ||
| 008 | 120213c1972 dr ur1p|r || 0spa d | ||
| 040 |
_aDO-SdBNP _bspa _cDO-SdBNP _erda |
||
| 041 | _hspa | ||
| 043 | _anwdr | ||
| 110 |
_aMuseo del Hombre Dominicano _931265 |
||
| 245 | 0 | 0 | _aBoletín del Museo del Hombre Dominicano. |
| 264 |
_aSanto Domingo, República Dominicana : _bCultura Dominicana, _c1972. |
||
| 300 |
_avolumen : _bilustraciones, fotografías, graficas, tablas ; _c23 cm. |
||
| 310 | _aDesconocida. | ||
| 336 |
_atexto _btxt _2rdacontent |
||
| 337 |
_asin mediación _bn _2rdamedia |
||
| 338 |
_avolumen _bnc _2rdacarrier |
||
| 362 | _a1972. | ||
| 500 | _aEste boletín se edita con el fin de mantener al día las informaciones antropológicas y arqueológicas ligadas a los actuales trabajos del Museo del Hombre Dominicano. | ||
| 500 | _aEl boletín 43 tiene un número de ISSN: 0252-8614. | ||
| 500 | _aA partir del boletín 48, cambia el ISSN: 2676-0851. | ||
| 650 | 4 |
_aAntropología dominicana _zRepública Dominicana _963498 _vPublicaciones periódicas |
|
| 650 | 0 |
_aMuseo del hombre dominicano _988383 _vPublicaciones periódicas |
|
| 651 | 4 |
_aRepública Dominicana _910483 |
|
| 942 |
_2ddc _cISSUE |
||
| 999 |
_c36574 _d36574 |
||